[Event "BAN Walton 1st League"]
[Site "Dhaka"]
[Date "2018.10.28"]
[Round "4.3"]
[White "Islam, Sheik Md Khairul"]
[Black "Mohammad, Jewel"]
[Result "1-0"]
[WhiteElo "1991"]
[BlackElo "1777"]
[PlyCount "145"]
[EventDate "2018.10.25"]
[EventType "team-tourn"]
[EventRounds "11"]
[EventCountry "BAN"]
[SourceTitle "CBM 187 Extra"]
[Source "ChessBase"]
[SourceDate "2018.11.04"]
[SourceVersion "1"]
[SourceVersionDate "2018.11.04"]
[SourceQuality "1"]
[WhiteTeam "Leonine CC"]
[BlackTeam "Mohakhali Prodip Sangah"]
[WhiteTeamCountry "BAN"]
[BlackTeamCountry "BAN"]

1. e4 Nc6 2. Bc4 e6 3. Nc3 Nf6 4. d3 Bb4 5. a3 Bxc3+ 6. bxc3 d5 7. exd5 exd5 8. Bb3 0-0 9. Ne2 Re8 10. 0-0 h6 11. h3 Ne7 12. Bf4 Ng6 13. Bg3 c5 14. a4 Be6 15. a5 Rc8 16. Ba4 Re7 17. Bb3 Re8 18. Ba4 Bd7 19. Nf4 Nxf4 20. Bxf4 Bxa4 21. Rxa4 Qd7 22. Ra1 Re6 23. Re1 Rxe1+ 24. Qxe1 Re8 25. Qd2 Re6 26. Kf1 Nh5 27. Bh2 f5 28. d4 Qb5+ 29. Qd3 Qxd3+ 30. cxd3 cxd4 31. cxd4 f4 32. Rb1 Re7 33. Rb5 Rd7 34. g4 fxg3 35. fxg3 a6 36. Rc5 Kf7 37. g4 Nf6 38. Be5 Ne8 39. Ke2 Ke6 40. Rc8 Kf7 41. Kd2 Nf6 42. Kc3 h5 43. g5 Ng8 44. g6+ Kxg6 45. Rxg8 Kh7 46. Rf8 g5 47. Kb4 g4 48. h4 Kg6 49. Kc5 Kh7 50. Kb6 Kg6 51. Rb8 Rf7 52. Rxb7 Rf3 53. Rg7+ Kh6 54. Kxa6 Rf5 55. Rg8 Rf3 56. Kb5 Rxd3 57. a6 Rb3+ 58. Kc5 Ra3 59. Kb6 Rb3+ 60. Kc6 Ra3 61. Kb7 Rb3+ 62. Ka8 Kh7 63. Rg5 Kh6 64. a7 Rb5 65. Bf4 Kh7 66. Rxh5+ Kg6 67. Rg5+ Kh7 68. Be5 Kh6 69. Rf5 Kg6 70. Rg5+ Kh6 71. Rxg4 Kh5 72. Rg7 Ra5 73. Rb7 1-0

[Event "BAN Marcel 1st Div"]
[Site "Dhaka"]
[Date "2018.01.01"]
[Round "3.1"]
[White "Md Emdadul, Haque"]
[Black "Mohammad, Jewel"]
[Result "1-0"]
[WhiteElo "2018"]
[BlackElo "1805"]
[PlyCount "65"]
[EventDate "2017.12.30"]
[EventType "team-tourn"]
[EventRounds "9"]
[EventCountry "BAN"]
[SourceTitle "CBM 182 Extra"]
[Source "ChessBase"]
[SourceDate "2018.02.23"]
[SourceVersion "1"]
[SourceVersionDate "2018.02.23"]
[SourceQuality "1"]
[WhiteTeam "Hasan Memorial CC"]
[BlackTeam "Mohakhali Pradip Sangah"]
[WhiteTeamCountry "BAN"]
[BlackTeamCountry "BAN"]

1. d4 Nf6 2. Bf4 c5 3. c3 cxd4 4. cxd4 e6 5. Nf3 Bb4+ 6. Nc3 Ne4 7. Qc2 Qa5 8. Bd2 d5 9. e3 Nxd2 10. Nxd2 0-0 11. Bd3 f5 12. 0-0 Nc6 13. a3 Bd6 14. f4 Bd7 15. Nf3 Rac8 16. Qf2 Qd8 17. h3 Kh8 18. g4 fxg4 19. hxg4 g6 20. Qh2 Kg7 21. g5 Rh8 22. Ne5 Bxe5 23. Qh6+ Kg8 24. fxe5 Qe7 25. Rf6 Qg7 26. Raf1 Rd8 27. Nb5 Qxh6 28. gxh6 Ne7 29. Nd6 Nf5 30. Bxf5 exf5 31. e6 Bc6 32. e7 Re8 33. Nxe8 1-0